000 00465nam a2200157Ia 4500
008 151213s9999 xx 000 0 und d
100 _aDavid A. Decenzo & Stephen P. Robbins
245 _aHuman Research Management
_cDavid A. Decenzo & Stephen P. Robbins
250 _a7th
260 _aNew York
_bJohn Willey & Sons
_c2003
300 _a4587 p.
650 _aManagement
650 _aManagement
700 _aDavid A. Decenzo & Stephen P. Robbins
999 _c2953
_d2953